| 000 | 00443nam a2200193Ia 4500 | ||
|---|---|---|---|
| 005 | 20250425161608.0 | ||
| 008 | 250425s9999 xx 000 0 und d | ||
| 020 | _a8432911119 | ||
| 041 | _aspa | ||
| 082 | _a621.4025 | ||
| 100 | _aMIRALLES DE IMPERIAL, JUAN | ||
| 245 | 0 | _aSOBREALIMENTACION DE MOTORES | |
| 250 | _aS.E. | ||
| 260 | _aBARCELONA | ||
| 260 |
_aEspaƱa _bCEAC _c1985 |
||
| 300 | _a285 | ||
| 942 | _c01 | ||
| 010 | _a23912 | ||
| 999 |
_c212267 _d212267 |
||